LEADER 02021oam 22006495 450 001 9910780592803321 005 20200520144314.0 010 $a1-280-08470-7 010 $a9786610084708 010 $a1-4175-3423-0 024 7 $a10.1596/0-8213-5802-2 035 $a(CKB)111098478194392 035 $a(OCoLC)228113427 035 $a(CaPaEBR)ebrary10063420 035 $a(SSID)ssj0000090132 035 $a(PQKBManifestationID)11124037 035 $a(PQKBTitleCode)TC0000090132 035 $a(PQKBWorkID)10092293 035 $a(PQKB)10921665 035 $a(MiAaPQ)EBC3050717 035 $a(Au-PeEL)EBL3050717 035 $a(CaPaEBR)ebr10063420 035 $a(CaONFJC)MIL8470 035 $a(OCoLC)551995930 035 $a(The World Bank)2004042077 035 $a(US-djbf)13544042 035 $a(EXLCZ)99111098478194392 100 $a20040331d2004 uy 0 101 0 $aeng 135 $aurcn||||||||| 181 $ctxt$2rdacontent 182 $cc$2rdamedia 183 $acr$2rdacarrier 200 10$aVoices of the poor in Colombia : $estrengthening livelihoods, families, and communities /$fJairo A. Arboleda, Patti L. Petesch, James Blackburn 210 1$aWashington, DC :$cWorld Bank,$d2004. 215 $axiv, 124 $cillustrations ;$d24 cm 300 $aBibliographic Level Mode of Issuance: Monograph 311 $a0-8213-5802-2 320 $aIncludes bibliographical references and index. 410 0$aWorld Bank e-Library. 606 $aPoverty$zColombia 606 $aPoverty$xGovernment policy$zColombia 606 $aPoor$zColombia 615 0$aPoverty 615 0$aPoverty$xGovernment policy 615 0$aPoor 676 $a362.5/09861 700 $aArboleda$b Jairo A.$f1945-$01514861 701 $aPetesch$b Patti L$0873904 701 $aBlackburn$b James$014436 801 0$bDLC 801 1$bDLC 801 2$bDLC 906 $aBOOK 912 $a9910780592803321 996 $aVoices of the poor in Colombia$93750304 997 $aUNINA LEADER 00925nam0 22002411i 450 001 UON00126659 005 20231205102739.153 100 $a20020107d1876 |0itac50 ba 101 $aara$aPER 102 $aUN 105 $a|||| 1|||| 200 1 $aˆal-‰Qur??n$fed. litografata 210 $a[S.l.]$c[s.n.]$d1293 [1876] 215 $a616 p.$d16 ° (13 cm) 606 $aCORANO$3UONC004604$2FI 686 $aRARI ARA VII AA$cRARI - PAESI ARABI - FILOSOFIA E RELIGIONE - ISLAM - CORANO$2A 801 $aIT$bSOL$c20240220$gRICA 856 4 $uhttp://digituno.unior.it/document/1230$zhttp://digituno.unior.it/document/1230 899 $aSIBA - SISTEMA BIBLIOTECARIO DI ATENEO$2UONSI 912 $aUON00126659 950 $aSIBA - SISTEMA BIBLIOTECARIO DI ATENEO$dSI RARI ARA VII AA 003 $eSI MR 18749 7 003 996 $aQur'an$91149910 997 $aUNIOR